[Event "GER-chT North U12"]
[Site "Magdeburg"]
[Date "2013.09.15"]
[Round "7.3"]
[White "Lange, Johannes Friedrich"]
[Black "Warode, Max"]
[Result "0-1"]
[WhiteElo "1225"]
[BlackElo "1018"]
[PlyCount "148"]
[EventDate "2013.09.12"]
[EventType "team-swiss"]
[EventRounds "7"]
[EventCountry "GER"]
[SourceTitle "EXT 2014"]
[Source "ChessBase"]
[SourceDate "2013.11.20"]
[SourceVersion "1"]
[SourceVersionDate "2013.11.20"]
[SourceQuality "1"]
[WhiteTeam "Berlin Schachunion"]
[BlackTeam "Delmenhorst"]
[WhiteTeamCountry "GER"]
[BlackTeamCountry "GER"]

1. d4 d5 2. c4 e6 3. cxd5 exd5 4. Nc3 Nf6 5. Bf4 Bb4 6. Qa4+ Nc6 7. a3 Ba5 8. Nf3 h6 9. e3 0-0 10. Bd3 Bd7 11. 0-0 Bxc3 12. bxc3 Ne5 13. Qd1 Nxd3 14. Qxd3 a6 15. Rfc1 Ne4 16. c4 c6 17. cxd5 cxd5 18. Nd2 Bb5 19. Qc2 Rc8 20. Qb2 Nxd2 21. Qxd2 Bc4 22. f3 Qe7 23. Qb4 Qxb4 24. axb4 Rfd8 25. Be5 f6 26. Bg3 Re8 27. Re1 Bd3 28. Rad1 Bh7 29. Re2 Rc3 30. Bf2 Rb3 31. Rc1 Rxb4 32. Rc7 Rb1+ 33. Re1 Rxe1+ 34. Bxe1 Rxe3 35. Bf2 Rb3 36. Rd7 Rb1+ 37. Be1 Rxe1+ 38. Kf2 Rb1 39. Rxd5 Bg6 40. Rd8+ Kh7 41. Rc8 Rd1 42. Ke3 Rd3+ 43. Kf2 Rxd4 44. Rb8 b5 45. Ra8 b4 46. Rxa6 b3 47. Rb6 Bc2 48. Ke3 Rd8 49. g4 Ra8 50. Kd2 Ra2 51. Kc3 Kg6 52. h4 h5 53. Rb5 hxg4 54. fxg4 Ra4 55. h5+ Kh6 56. g5+ fxg5 57. Rb6+ Kxh5 58. Rb7 g6 59. Rh7+ Kg4 60. Rb7 Kg3 61. Rg7 g4 62. Re7 Kh3 63. Re5 g3 64. Rg5 Rg4 65. Rxg4 Kxg4 66. Kb2 g2 67. Kc3 g1Q 68. Kb4 Qd4+ 69. Ka5 Qc4 70. Kb6 Bd3 71. Ka7 Qb5 72. Ka8 Qc6+ 73. Ka7 Be4 74. Kb8 Qb7# 0-1